Elementary algebra (Record no. 5937)

MARC details
000 -LEADER
fixed length control field 00564cam a2200217ua 4500
001 - CONTROL NUMBER
control field 6794
005 - DATE AND TIME OF LATEST TRANSACTION
control field 20260515114115.0
008 - FIXED-LENGTH DATA ELEMENTS--GENERAL INFORMATION
fixed length control field 140311n ii |||gr||||Z||||||eng
020 ## - INTERNATIONAL STANDARD BOOK NUMBER
International Standard Book Number 0-07-060602-1
040 ## - CATALOGING SOURCE
Transcribing agency MAIN
082 ## - DEWEY DECIMAL CLASSIFICATION NUMBER
Classification number 512
245 ## - TITLE STATEMENT
Title Elementary algebra
Statement of responsibility, etc. By Barnett Rich
250 ## - EDITION STATEMENT
Edition statement 3rd ed.
260 ## - PUBLICATION, DISTRIBUTION, ETC.
Place of publication, distribution, etc. New delhi:
Name of publisher, distributor, etc. Tata McGraw-hill publishing company limited,
Date of publication, distribution, etc. 2005.
300 ## - PHYSICAL DESCRIPTION
Extent xi,354p.
653 ## - INDEX TERM--UNCONTROLLED
Uncontrolled term Algebra
653 ## - INDEX TERM--UNCONTROLLED
Uncontrolled term Elementary algebra
700 ## - ADDED ENTRY--PERSONAL NAME
Personal name Rich,Barnett,
Relator term Author.,
700 ## - ADDED ENTRY--PERSONAL NAME
Personal name Schmidt,Philip A.,
Relator term Author.
942 ## - ADDED ENTRY ELEMENTS (KOHA)
Koha item type Books
Holdings
Withdrawn status Lost status Damaged status Not for loan Home library Current library Shelving location Date acquired Total checkouts Full call number Barcode Date last seen Copy number Price effective from Koha item type
        Naharkatiya College Library Naharkatiya College Library General stacks 09/19/2020   512 | RIC 16998 09/19/2020 1 09/19/2020 Books